| 000 | 00576nam a2200145 4500 | ||
|---|---|---|---|
| 001 | 113979 | ||
| 003 | ES-MaACL | ||
| 007 | t| | ||
| 008 | 061121s1969 sp r ||||1| spa d | ||
| 245 | 0 | 0 |
_aNormas M.V.105/1967, 106/1968 y 107/1968 _b: `roblones de acero`,` tornillos ordinarios y calibrados para estructuras de acero` y ` tornillos de alta resistencia para estructuras de acero`. |
| 260 |
_aMadrid : _bColegio Oficial de Arquitectos, _c1969. |
||
| 300 |
_a80 p. : _bil. ; _c21 cm. |
||
| 710 | 2 |
_aColegio Oficial de Arquitectos. _92953 |
|
| 852 |
_aES-MaACL _jE-7764 _bR.92025 |
||
| 999 |
_c113979 _d113979 |
||